000
00344 a2200157 4500
001
187889
020
_a
040
_c
Magnum
100
_a
Morais, Clemilza Maria de Oliveira
240
1
0
_a
Eevee, o gato malhado
_l
por
245
1
0
_a
Eevee, o gato malhado
300
_a
16
362
0
_a
2006
697
_a
LITERATURA INFANTIL
942
_c
BK
999
_c
187889
_d
187889